| 000 | 00597nam a2200205 a 4500 | ||
|---|---|---|---|
| 001 | 000019725 | ||
| 005 | 20200929170121.0 | ||
| 008 | 100705s1972 cu 000 p spa d | ||
| 040 |
_aDO-SdBNP _bspa _cBNPHU |
||
| 082 |
_aCh861.4 _bN454p |
||
| 100 | 0 |
_aNeruda, Pablo, _d1904-1973 _99164 |
|
| 245 | 1 | 0 |
_aPoesías / _cPablo Neruda. |
| 260 |
_aLa Habana, Cuba : _bCasa de las Américas, _c1972. |
||
| 300 |
_axv, 343 p. ; _c20 cm. |
||
| 650 | 4 |
_aPoesía chilena _99166 |
|
| 650 | 4 |
_aLiteratura chilena _93164 |
|
| 650 | 4 |
_aLiteratura latinoaméricana _ySIGLO XX _9203 |
|
| 910 | _aWM | ||
| 049 | _aBNGR | ||
| 999 |
_c19239 _d19239 |
||